Odgadnij wszystkie piosenki Chivasa! - Statystyki

Ogólne statystyki
  • Ten quiz został rozwiązany 13 razy
    3 od ostatniego zresetowania
  • Średni wynik to 65 z 87
Statystyki odpowiedzi
Album Piosenka Autor % Poprawnych
Młody Say10 anyżowe żelki Chivas
100%
- Astropanna Chivas
100%
Nauczyłem się przeklinać Charger Chivas
100%
Hotel Maffija 3 Czarna Perła Chivas,SB Maffija,Szpaku,Białas,Fukaj,po prostu KAJTEK,White 2115,27.Fuckdemons,Kubi Producent
100%
Deathcore Deathnote Chivas
100%
- Doritos Chivas
100%
- El Chapo Chivas
100%
DWADZIEŚCIASIEDEM. GEN D Chivas
100%
Nauczyłem się przeklinać Generacja Hip Hop Chivas
100%
Nauczyłem się przeklinać Hellcat redeye Chivas,White 2115,Szpaku
100%
DWADZIEŚCIASIEDEM. HELLSTAR Chivas
100%
Młody Say10 jesteś najlepszy/najlepsza Chivas
100%
DWADZIEŚCIASIEDEM. KIEDY NIE MA CIĘ Chivas
100%
Młody Say10 koleżanko mojej byłej Chivas
100%
Nauczyłem się przeklinać Mam Na Twarzy Krew I Tym Razem Nie Jest Sztuczna Chivas,White 2115
100%
Nauczyłem się przeklinać Młody Say10 Chivas
100%
Deathcore NIENAWIDZĘ WARSZAWY! Chivas,Bedoes 2115
100%
Popkiller Młode Wilki 8 nie wiem co robię w młodych wilkach Chivas,Popkiller Młode Wilki,PSR
100%
Deathcore nóż motylkowy Chivas,White 2115
100%
Nauczyłem się przeklinać Odkąd nauczyłem się przeklinać Chivas
100%
Deathcore OPIUM! Chivas
100%
DWADZIEŚCIASIEDEM. PÓKI JESTEŚ Chivas,Vito Bambino
100%
Rózowa Pantera Potwór Chivas,Szpaku
100%
Lato 2024 prawię straciłem głos Chivas
100%
ROCKST4R DELUXE Sto tysięcy razy Chivas,White 2115
100%
PAN JEST PIOSENKARZEM? SURVIVAL HORROR Chivas
100%
Lato 2024 szafka w małym pokoju Chivas
100%
- TO NASZA PIOSENKA Chivas
100%
Nauczyłem się przeklinać To Nie Koniec Chivas
100%
Lato 2024 to nie koniec z wami Chivas
100%
PAN JEST PIOSENKARZEM? TO NIEODPOWIEDZIALNE Chivas
100%
Młody Say10 to ostatni raz gdy jadę nad bałtyk Chivas
100%
DWADZIEŚCIASIEDEM. TYLKO DIAMENTY SĄ NA ZAWSZE Chivas
100%
OH MY GAWD Ty Wiesz Chivas,Oliwka Brazil,WIKTOR,Jakub Laszuk
100%
- VROOM Chivas
100%
- WWW Chivas
100%
Nauczyłem się przeklinać XO Chivas
100%
Lato 2024 5 milionów influencerek Chivas
67%
DWADZIEŚCIASIEDEM. DEAD2ME Chivas,Young Leosia
67%
Młody Say10 (Bonus track) demo Chivas
67%
Młody Say10 drzewko Chivas
67%
DWADZIEŚCIASIEDEM. DWADZIEŚCIAOSIEM. Chivas
67%
DWADZIEŚCIASIEDEM. DWADZIEŚCIASIEDEM. Chivas
67%
DWADZIEŚCIASIEDEM. DWA RAZY TYLE Chivas
67%
- Gabbana Chivas
67%
RODZINNY BIZNES GUGU x 2115 Chivas,2115,White 2115,Bedoes 2115,Kuqe 2115,Szpaku
67%
- Interpol Chivas,Gverilla,Popkiller Młode Wilki
67%
Nauczyłem się przeklinać Jakbym Miał W Ręku Klamkę Chivas
67%
Deathcore jem zimnego tosta Chivas
67%
PÓŁNOC / POŁUDNIE KC LECZ BEZ PRZESADY Chivas,Quebonafide,Kuba Galński
67%
Młody Say10 kupić jej gaz czy torebkę Chivas
67%
Młody Say10 mam chyba za drogie auto Chivas
67%
- MAXFACTOR Chivas
67%
Nauczyłem się przeklinać Metalowy T-Shirt Chivas
67%
Młody Say10 miałem kolegę bartka Chivas
67%
DWADZIEŚCIASIEDEM. MOŻE SIĘ POZNAMY Chivas
67%
Nauczyłem się przeklinać Najlepsi Pod Słońcem Chivas,Szpaku
67%
Młody Say10 narcyz Chivas
67%
Młody Say10 narcyz w klubie Chivas
67%
UZUMAKI FORMA OSTATECZNA NA ZAWSZE Chivas,Szpaku,Kubi Producent
67%
Deathcore noWy baTmAN Chivas
67%
Nauczyłem się przeklinać Palenie zabija Chivas
67%
Deathcore RysunKOwY PoTwóR Chivas
67%
- Septum Chivas
67%
Posejdon Skandal Chivas,Kizo
67%
DWADZIEŚCIASIEDEM. SKIT Chivas
67%
- SSSSMUTNO Chivas
67%
Deathcore StaRlink Chivas
67%
Nauczyłem się przeklinać To dopiero początek Chivas
67%
- Trash Chivas
67%
- Wszystko Będzie dobrze Chivas
67%
Deathcore zabiłem motyla Chivas
67%
Sen,którego nigdy nie miałem Zoë Kravitz Chivas,Fukaj,Livka,Kubi Producent,Lucassi
67%
DWADZIEŚCIASIEDEM. CHCEMY TEGO WIECEJ Chivas
33%
Rockstar: Do zachodu słońca David Chivas,White 2115,Mr. Polska
33%
- Gdy Zapada Zmrok Chivas,Popkiller Młode Wilki,RIP SCOOTY,Kara,Cukier,Hodak,Feno,Frolar Bugs,Szymi Szyms,Berson
33%
Trapical Moon High Life Chivas,Blacha 2115
33%
Muzyka Popularna Lowlife Chivas,Pezet,Err Bits
33%
- prawie straciłem głos - Red Bull Takeover Chivas,Kuqe 2115
33%
Młody Say10 prevka na płytę może(młody say10) Chivas
33%
Deathcore Przyjdzie taki dzień gdy będę wolny Chivas
33%
SAUCE Wszyscy śpią Chivas,Deemz,Beteo
33%
- wszystkie noce są samotne (Red Bull Takeover) Chivas,Kuqe 2115,Pawbeats,Frank Leen
33%
Nauczyłem się przeklinać Zabij Dla Mnie Chivas
33%
Nauczyłem się przeklinać Comme Des Garçons Chivas
0%
- Daj mi czas Chivas,Popkiller Młode Wilki,Gverilla,Kara,Cukier,Feno,SoDrumatic
0%
DWADZIEŚCIASIEDEM. NAWET NIE WIESZ JAK BARDZO CHCIAŁBYM MÓC TO POCZUĆ JESZCZE RAZ Chivas
0%
Nie znaleziono quizów pasujących do podanych kryteriów
Rozkład punktacji
Procent ludzi z każdym wynikiem
Percentyl według liczby udzielonych odpowiedzi
Twoja historia wyników
Nie rozwiązałeś tego quizu od ostatniego zresetowania